000 00655nam a22002057a 4500
003 URS
005 20221108083856.0
008 171222b xxu||||| |||| 00| 0 eng d
040 _curs
050 _aKF 5624.61 E7 R49 2005
100 _92890
_aReyes, Virgilio D.
_eauthor
245 _aPhilippine transfer and business taxes
_bprinciples, law and problems
_cVirgilio D. Reyes
260 _c2005
336 _2rdacontent
_atext
_btxt
337 _2rdamedia
_aunmediated
_bn
338 _2rdacarrier
_avolume
_bnc
650 0 _92891
_aInheritance and transfer tax
_xLaw and legislation
_zPhilippines
700 _4author
_aReyes, Virgilio D.
942 _2lcc
_cF
999 _c14837
_d14837